000 00493nam a2200109Ia 4500
008 171204s9999 xx 000 0 und d
245 _aBuilding E-commerce Sites with Drupal Commerce Cookbook: Over 50 recipes to help you build engaging, responsive E-commerce sites with Drupal Commerce
245 _cRichard Carter
260 _c2013
650 _xE-Business/Multimedia Solutions
856 _uhttp://down.ebook777.com/015/Building%20E-commerce%20Sites%20with%20Drupal%20Commerce%20Cookbook.pdf
999 _c347141
_d347141